01358pab a2200193 454500008004000000100002400040245007900064260000900143300001400152362001200166520077700178650001700955650001500972773004000987908000601027909001001033999001701043952010401060180718b2009 xxu||||| |||| 00| 0 eng d aBhanja, Anjan Kumar aQuestion of minimum educational qualification for people's representatives c2009 ap.873-84. aJul-Sep aRepresentation of the People's Act, 1951 has not stipulated Minimum Educational Qualification for People's Representatives. Against this background the paper tries to investigate the probable mindset behind not prescribing any basic minimum educational qualification and also tries to explore the possibilities of introducing the same to make the quality of contributions of people's representatives at various levels especially as MLAs. Recent illumining incidents of striping off of office of persons with proven doubtful character go to convince that education allied with the concomitant ethical burden on the conscience of the person is a much-needed must for people who aspire to participate in politics and play significant role in various ministries. - Reproduced. aLegislations aParliament aIndian Journal of Political Science aN a85043 c85043d85043 00104070aIIPAbIIPAd2018-07-19hVolume no: 70, Issue no: 3pAR85503r2018-07-19w2018-07-19yAR